000
00239nam a2200121Ia 4500
100
_a
#N/A
650
_a
Elctronics
942
_c
BK
654
_a
mechatronics
245
_a
Mechatronics system design
260
_b
#N/A
546
_a
ENGLISH
999
_c
29244
_d
29244